00878nam a22002537a 45000010005000000030006000050050017000110080041000280200015000690400029000840500016001130820010001291000020001392450077001592500044002362600038002803000065003185050008003835200126003915210020005175210020005376500034005577000033005918413FISKH20250910160143.0250910b cb ||||| |||| 00| 0 eng d a043925292X aFISKHbengcFISKHdFISKH a CR113 .R93 a929.9 aRyan, Pam Munoz aThe flag we love / cBy Pam Muñoz Ryan : Illustrated by Ralph Masiello aFirst Scholastic printing, October 2000 aNew York : bScholastic , c1996. a32 unnumbered pages : bcolor illustrations ;c23 x 28 cm .  aH  aA patriotic poem celebrating the flag of the United States, including historical footnotes about its origins and history.8 a400 bLexile 8 aH bRaz-Plus  aAmerican SymbolsvNon-fiction aMasiello, RalpheIllustrator